ბათუმის შოთა რუსთაველის სახელმწიფო უნივერსიტეტის ბიბლიოთეკა

Краткий словарь литературоведческих терминов. (ბიბ.ჩანაწერი № 44419)

000 -LEADER
fixed length control field 00840nam a2200241Ia 4500
001 - CONTROL NUMBER
control field 11185
003 - CONTROL NUMBER IDENTIFIER
control field GE_BSU
008 - FIXED-LENGTH DATA ELEMENTS--GENERAL INFORMATION
fixed length control field 181216s||||||||xx |||||||||||||| ||und||
040 ## - CATALOGING SOURCE
Transcribing agency GE_BSU
080 ## - UNIVERSAL DECIMAL CLASSIFICATION NUMBER
Universal Decimal Classification number 821.161.1(035)
100 ## - MAIN ENTRY--PERSONAL NAME
Personal name Тимофеев,Л. Венгров,Н.
245 ## - TITLE STATEMENT
Title Краткий словарь литературоведческих терминов.
245 ## - TITLE STATEMENT
Remainder of title Пособие для учащихся средней школы.
245 ## - TITLE STATEMENT
Statement of responsibility, etc. Под.ред:Л.И. Тимофеева
250 ## - EDITION STATEMENT
Edition statement 3-изд, исправ и допол.
260 ## - PUBLICATION, DISTRIBUTION, ETC.
Place of publication, distribution, etc. Москва
260 ## - PUBLICATION, DISTRIBUTION, ETC.
Name of publisher, distributor, etc. Учпедгиз.
260 ## - PUBLICATION, DISTRIBUTION, ETC.
Date of publication, distribution, etc. 1958.
300 ## - PHYSICAL DESCRIPTION
Extent 187стр,21см.
300 ## - PHYSICAL DESCRIPTION
Accompanying material указатель:стр.182.
653 ## - INDEX TERM--UNCONTROLLED
Uncontrolled term Краткий словарь литературоведческих терминов.
942 ## - ADDED ENTRY ELEMENTS (KOHA)
Koha item type წიგნი
ეგზემპლარები
Withdrawn status Lost status Damaged status Not for loan Date acquired Barcode Date last seen Price effective from Koha item type
        2018-12-17 19374 2018-12-17 2018-12-17 წიგნი